| 000 | 01041 a2200349 4500 | ||
|---|---|---|---|
| 999 |
_c71326 _d19718 |
||
| 001 | 71326 | ||
| 003 | TR-AnTOB | ||
| 005 | 20210413154957.0 | ||
| 008 | 080724s1969 tu 00101 tur | ||
| 040 |
_aTR-AnTOB _cTR-AnTOB |
||
| 041 | _atur | ||
| 050 |
_aPL248.U83 _bK57 1969 |
||
| 090 | _aPL248.U83 K57 1969 | ||
| 100 | 1 |
_aUşaklıgil, Halit Ziya, _d1869-1945 _98173 |
|
| 245 | 0 |
_aKırk yıl / _cHalit Ziya Uşaklıgil. |
|
| 264 | 1 |
_aİstanbul: _bİnkılap ve Aka, _c1969. |
|
| 300 |
_a677 s.; _c19 cm. |
||
| 336 |
_2rdacontent _atext _btxt |
||
| 337 |
_2rdamedia _aunmediated _bn |
||
| 338 |
_2rdacarrier _avolume _bnc |
||
| 490 | 0 |
_aHalid Ziya Uşaklıgil külliyatı ; _v6 |
|
| 500 | _aİndeks var. | ||
| 590 |
_aSn. Celil Güngör tarafından _cbağışlanmıştır. |
||
| 600 | 1 | 0 |
_aUşaklıgil, Halit Ziya, _d1869-1945 _98173 |
| 650 |
_aAutobiographical fiction _945637 |
||
| 650 |
_aOtobiyografik roman _945636 |
||
| 902 | _a0024554 | ||
| 903 | _aMerkez Kütüphane | ||
| 942 |
_cBK _2lcc |
||
| 945 | _aAY,kntrl. | ||